00682 2200229 4500001002100000005001500021035002000036008004100056245006100097100002900158260003400187300002700221084002000248082001000268650007000278250000600348020001800354990002000372990002000392990002000412990002000432INLIS00000000000352820241228113050 a0010-1224001060241228 0 ind 1 aDasar-Dasar Pengendalian Penyakit Tanaman /cDjafaruddin aDjafaruddin, Djafaruddin aJakarta :bBumi Aksara,c2008 a270 hlm. ;c15 x 21 cm a632.3 DJA D C.1 a632.3 4aPenyakit pada Tanaman Pertanian, Penyakit pada Tumbuhan Pertanian a1 a979-526-233-5 a090811200006305 a090811200006306 a090811200006307 a090811200006308